LDR 00941naa#a2200217#i#450# 001 RU\\bibl\121830 005 20260428181135.2 011 ## _a3034-4689 100 ## _a20260424b2026####ek#y0rusy0150####ca 102 ## _aRU 200 1# _aВЕРИФИКАЦИЯ CFD-TFM МОДЕЛИ ПСЕВДООЖИЖЕННОГО СЛОЯ КАТАЛИЗАТОРА ПРОЦЕССА ФИШЕРА-ТРОПША _eЖурнальная статья 210 1# _aКазань _cКазанский национальный исследовательский технологический университет _d2026 215 ## _a5 с. 608 ## _aЖурнальная статья _2local 700 #1 _aРодионов _gИ. С. 700 #1 _aУлитин _gН В 700 #1 _aТерещенко _gК А 700 #1 _aАнисимова _gВ И 700 #1 _aСтоянов _gО В 700 #1 _aХарлампиди _gХарлампий Эвклидович 856 4# _avestniktu.ru _u